[Event "AUTO-ELITE-66"]
[Site "http://www.queenalice.com/game.php?id=79965"]
[Date "2006.6.25"]
[Round "1"]
[White "recosta"]
[Black "Mirok"]
[Result "0-1"]
[WhiteElo "1895"]
[BlackElo "2096"]

1. e4 c5 2. Nc3 Nc6 3. f4 g6 4. Nf3 Bg7 5. Bc4 e6 6. O-O Nge7 7. Qe1 O-O 8. d3
d5 9. Bb3 Nd4 10. Nxd4 cxd4 11. Nd1 dxe4 12. dxe4 Nc6 13. Nf2 b6 0-1

[Event "AUTO-ELITE-66"]
[Site "http://www.queenalice.com/game.php?id=79978"]
[Date "2006.6.25"]
[Round "1"]
[White "Miguelname"]
[Black "recosta"]
[Result "1-0"]
[WhiteElo "1992"]
[BlackElo "1887"]

1. c4 e6 2. Nc3 d5 3. d4 c6 4. Nf3 f5 5. e3 Nf6 6. Bd3 Bd6 7. O-O O-O 8. b3 Ne4
9. Bb2 Nd7 10. Ne2 Ndf6 11. c5 1-0

[Event "AUTO-ELITE-66"]
[Site "http://www.queenalice.com/game.php?id=79979"]
[Date "2006.6.25"]
[Round "1"]
[White "recosta"]
[Black "Miguelname"]
[Result "0-1"]
[WhiteElo "1887"]
[BlackElo "2004"]

1. e4 e6 2. d4 d5 3. e5 c5 4. c3 Nc6 5. f4 cxd4 6. cxd4 Qb6 7. Nf3 Bd7 8. Nc3
Nge7 9. Na4 Qc7 10. Nc5 Nxd4 0-1

[Event "AUTO-ELITE-66"]
[Site "http://www.queenalice.com/game.php?id=79986"]
[Date "2006.6.25"]
[Round "1"]
[White "tesselizaga"]
[Black "recosta"]
[Result "1-0"]
[WhiteElo "1743"]
[BlackElo "1876"]

1. e4 e6 2. d4 d5 3. Bd3 Nf6 4. Bg5 Be7 5. Bxf6 Bxf6 6. e5 Be7 7. Ne2 c5 8. c3
Nc6 9. O-O Qb6 10. Qb3 c4 11. Qxb6 axb6 12. Bc2 b5 13. b4 O-O 14. Nd2 Bd7 15. f4
Ra3 16. Nb1 Ra7 17. a4 bxa4 18. Nd2 a3 19. Ra2 Bxb4 20. cxb4 Nxb4 21. Nc3 Nxa2
22. Nxa2 Ba4 23. Bb1 Bb3 24. g4 b5 25. h4 1-0

[Event "AUTO-ELITE-66"]
[Site "http://www.queenalice.com/game.php?id=79987"]
[Date "2006.6.25"]
[Round "1"]
[White "recosta"]
[Black "tesselizaga"]
[Result "0-1"]
[WhiteElo "1855"]
[BlackElo "1764"]

1. e4 e5 2. Nf3 Nc6 3. Bb5 d6 4. d4 a6 5. Bxc6+ bxc6 6. dxe5 Bg4 7. exd6 cxd6 8.
Nc3 Nf6 9. O-O Be7 10. e5 Bxf3 11. Qxf3 dxe5 12. Qxc6+ Kf8 13. Re1 g6 14. Bh6+
Kg8 15. Rad1 Qc8 16. Qxc8+ Rxc8 17. Rxe5 Ng4 18. Rxe7 Nxh6 19. Ra7 Kg7 20. Rxa6
Nf5 21. g4 Nh4 22. f4 Rhe8 0-1

[Event "Challenge"]
[Site "http://www.queenalice.com/game.php?id=80053"]
[Date "2006.6.25"]
[Round "-"]
[White "lonely"]
[Black "recosta"]
[Result "1-0"]
[WhiteElo "1090"]
[BlackElo "1876"]

1. e4 e6 2. d4 d5 3. exd5 exd5 4. c4 c6 5. Nc3 f5 6. Nf3 Nf6 7. Bf4 Bd6 8. Qe2+
Ne4 9. Bxd6 Qxd6 10. Ne5 O-O 11. Nxe4 fxe4 12. c5 Qf6 13. f3 Nd7 14. Nxd7 Bxd7
15. O-O-O Qf4+ 16. Kb1 exf3 17. gxf3 Bf5+ 18. Ka1 1-0

[Event "Challenge"]
[Site "http://www.queenalice.com/game.php?id=80161"]
[Date "2006.6.26"]
[Round "-"]
[White "recosta"]
[Black "shogun"]
[Result "0-1"]
[WhiteElo "1894"]
[BlackElo "2293"]

1. e4 Nc6 2. Nc3 Nf6 3. f4 d5 4. e5 d4 5. exf6 dxc3 6. Nf3 cxb2 7. Bxb2 exf6 8.
d4 Bd6 9. d5 Ne7 10. Kf2 Bc5+ 11. Nd4 Qxd5 12. Be2 Bf5 13. Re1 O-O-O 0-1

[Event "Challenge"]
[Site "http://www.queenalice.com/game.php?id=80162"]
[Date "2006.6.26"]
[Round "-"]
[White "shogun"]
[Black "recosta"]
[Result "1-0"]
[WhiteElo "2292"]
[BlackElo "1894"]

1. e4 e6 2. d4 d5 3. Nc3 Nf6 4. Bg5 Be7 5. e5 Nfd7 6. h4 Bxg5 7. hxg5 Qxg5 8.
Nh3 Qe7 9. Qg4 g6 10. Nf4 Nf8 11. Nfxd5 Qd8 12. Nf6+ 1-0

[Event "AUTO-ELITE-67"]
[Site "http://www.queenalice.com/game.php?id=80326"]
[Date "2006.6.26"]
[Round "1"]
[White "vincentlennon"]
[Black "recosta"]
[Result "0-1"]
[WhiteElo "1805"]
[BlackElo "2022"]

1. e4 e6 2. d4 d5 3. e5 c5 4. c3 Qb6 5. a3 cxd4 6. cxd4 Nc6 7. Nf3 Nge7 8. b4
Nf5 9. Bb2 Be7 10. Be2 O-O 11. O-O Bd7 12. Bd3 g6 13. Nbd2 Ncxd4 14. Nxd4 Nxd4
15. Nf3 Nxf3+ 16. Qxf3 Rfc8 17. Rac1 a5 18. Rxc8+ Rxc8 19. Qe3 Qxe3 20. fxe3
axb4 21. axb4 Bxb4 22. g4 Bc3 23. Rb1 Bxb2 24. Rxb2 Rc3 25. Rd2 Rb3 26. Kf2 Bb5
27. Bxb5 Rxb5 28. Kf3 Rb3 29. h4 b5 30. h5 Kg7 31. Kf4 g5+ 32. Kxg5 Rxe3 33. h6+
Kf8 34. Kf4 Re4+ 35. Kf3 Rxe5 36. Rb2 d4 0-1

[Event "AUTO-ELITE-67"]
[Site "http://www.queenalice.com/game.php?id=80327"]
[Date "2006.6.26"]
[Round "1"]
[White "recosta"]
[Black "vincentlennon"]
[Result "1-0"]
[WhiteElo "2014"]
[BlackElo "1813"]

1. e4 e5 2. Nf3 Nc6 3. Bb5 a6 4. Bxc6 dxc6 5. d4 Bg4 6. dxe5 Qxd1+ 7. Kxd1
O-O-O+ 8. Ke2 g6 9. Nc3 Re8 10. Bf4 Bb4 11. h3 Bxc3 12. hxg4 Bxb2 13. Rab1 Bc3
14. Rb3 Ba5 15. Rd3 Rd8 16. Rxd8+ Kxd8 17. Ng5 Ke7 18. Nxh7 f6 19. exf6+ Nxf6
20. Be5 Rxh7 21. Bxf6+ Kxf6 22. Rxh7 b5 23. f4 g5 24. g3 Bb6 25. Kf3 c5 26. Rh5
gxf4 27. gxf4 c4 28. e5+ Kg6 29. f5+ Kg7 30. g5 Bd4 31. e6 b4 32. f6+ 1-0

[Event "AUTO-ELITE-67"]
[Site "http://www.queenalice.com/game.php?id=80340"]
[Date "2006.6.26"]
[Round "1"]
[White "recosta"]
[Black "clauberfm"]
[Result "1/2-1/2"]
[WhiteElo "2029"]
[BlackElo "2074"]

1. e4 e6 2. d3 Nc6 3. g3 d5 4. Nd2 f6 5. Bg2 d4 6. Ngf3 e5 7. O-O Be6 8. Nc4 Qd7
9. Bd2 O-O-O 10. Qe2 Bb4 11. Bxb4 Nxb4 12. Rfd1 Ne7 13. a3 Nbc6 14. b4 g5 15. b5
Nb8 16. a4 Ng6 17. Nfd2 h5 18. Nb3 Qe7 19. a5 h4 20. a6 b6 21. Rdb1 Qd7 22. Nbd2
g4 23. Ra4 Qg7 24. Qd1 Qh6 25. Nf1 Nd7 26. Nfd2 Kb8 27. Nb3 Qh5 1/2-1/2

[Event "AUTO-ELITE-67"]
[Site "http://www.queenalice.com/game.php?id=80341"]
[Date "2006.6.26"]
[Round "1"]
[White "clauberfm"]
[Black "recosta"]
[Result "0-1"]
[WhiteElo "2079"]
[BlackElo "2051"]

1. e4 e6 2. d4 d5 3. e5 c5 4. Nf3 Nc6 5. Be2 Qb6 6. O-O cxd4 7. a4 Nge7 8. a5
Nxa5 9. Qxd4 Qxd4 10. Nxd4 Nac6 11. Nb5 Kd7 12. Bf4 a6 13. Nd6 Ng6 14. Be3 d4
15. Bd2 Ncxe5 16. Ne4 f5 17. Ng5 h6 18. Nh3 Kc7 19. Na3 Bd7 20. f4 Ng4 21. c3
Bc5 22. cxd4 Bxd4+ 23. Kh1 Bc6 24. Nc2 Bxb2 25. Ba5+ Kb8 26. Ra2 Bf6 27. Bf3 Rc8
28. Rb1 e5 29. fxe5 N6xe5 30. Bxc6 Nxc6 31. Bb6 a5 32. Nf4 Ra6 33. h3 Nge5 34.
Bg1 Nc4 35. Rb5 Nd6 36. Rb3 Ne4 37. Ne2 a4 38. Rf3 g6 39. g4 Ne5 40. Rf1 Nd2 41.
Rd1 Ndf3 42. Nb4 Ra5 43. Bb6 Rb5 44. Nd5 Rc6 45. Bf2 fxg4 46. Rxa4 Rb2 47. Nxf6
Rxf6 48. Re4 Rd2 49. Rxd2 Nxd2 50. Rxe5 Rxf2 51. Kg1 Nf3+ 52. Kxf2 Nxe5 53. hxg4
Nxg4+ 0-1

[Event "AUTO-ELITE-67"]
[Site "http://www.queenalice.com/game.php?id=80342"]
[Date "2006.6.26"]
[Round "1"]
[White "recosta"]
[Black "pumamercedino"]
[Result "0-1"]
[WhiteElo "2068"]
[BlackElo "2221"]

1. e4 g6 2. d4 Bg7 3. f4 c6 4. Nf3 d5 5. e5 Bg4 6. h3 Bxf3 7. Qxf3 e6 8. g4 h5
9. Bd3 Qh4+ 10. Qf2 hxg4 11. Bf1 Ne7 12. Qxh4 Rxh4 13. Bg2 g3 14. Nd2 Rxf4 15.
c3 Rf2 16. Rg1 c5 17. Nf1 cxd4 18. Nxg3 Rxg2 19. Rxg2 dxc3 20. Bf4 Nd7 21. bxc3
Nxe5 22. Ke2 Nc4 23. Rb1 b6 24. h4 Bxc3 25. h5 f5 26. h6 Bf6 27. h7 Kf7 28. Rh1
e5 29. Bg5 Bxg5 30. h8=Q Rxh8 31. Rxh8 Bf6 32. Rh7+ Ke6 0-1

[Event "AUTO-ELITE-67"]
[Site "http://www.queenalice.com/game.php?id=80343"]
[Date "2006.6.26"]
[Round "1"]
[White "pumamercedino"]
[Black "recosta"]
[Result "1-0"]
[WhiteElo "2239"]
[BlackElo "2060"]

1. d4 e6 2. c4 d5 3. Nc3 f5 4. Nf3 Nf6 5. g3 c6 6. Bg2 Bd6 7. O-O O-O 8. Bf4
Bxf4 9. gxf4 Nbd7 10. e3 Ne4 11. Nxe4 fxe4 12. Ne5 Nxe5 13. dxe5 Qh4 14. f3 exf3
15. Rxf3 Qe7 16. Qc2 Qc5 17. Bf1 g6 18. a3 Bd7 19. Bd3 Rf7 20. Kh1 a5 21. Rg1
Kf8 22. h4 dxc4 23. h5 Qe7 24. Bxc4 Rg7 25. Rh3 c5 26. hxg6 Bc6+ 27. Kh2 hxg6
28. Rxg6 Rxg6 29. Qxg6 Qg7 30. Qxg7+ Kxg7 31. Bxe6 Rd8 32. f5 Rd2+ 33. Kg1 Rg2+
34. Kf1 Rxb2 35. f6+ Kg6 36. Rg3+ 1-0

[Event "Let's Play Chess!"]
[Site "http://www.queenalice.com/game.php?id=80631"]
[Date "2006.6.27"]
[Round "-"]
[White "Lukius"]
[Black "recosta"]
[Result "1/2-1/2"]
[WhiteElo "1705"]
[BlackElo "2039"]

1. e4 e6 2. d4 d5 3. Nd2 Nf6 4. e5 Nfd7 5. c3 c5 6. Bd3 Nc6 7. Ne2 cxd4 8. cxd4
f6 9. exf6 Qxf6 10. Nf3 Bb4+ 11. Bd2 Bxd2+ 12. Qxd2 O-O 13. O-O e5 14. dxe5
Ndxe5 15. Nxe5 Nxe5 16. Bc2 Be6 1/2-1/2